00790nam a22002057a 4500999001900000005001700019010001500036020002700051035001400078037001300092082001200105100003000117245006100147260004000208270010900248300002500357500005000382942002600432952012600458 c166344d16634420190722123646.0 aENG-126024 a9788178442105c1495.00 aEN-109556 bDBAD/PUB a303.482 aMandal, Bindeshwar Prasad aGlobalization and society /cby Bindeshwar Prasad Mandal aNew DelhibR.K. Pulblicationsc2018 a4806/24, Bharat Ram Road, Darya GanjbNew Delhie110002k011-23285167, 65185557minfo@kkpublications.com aviii,296p.c25cm(Hb) aIncludes bibliographical references and index 2ddccENh303.482mMAN 001040708NFICaZLSbZLSd2019-07-22eDBAD/PUBg1495.00l0o303.482 MANpEN-109556r2019-07-22 00:00:00t1v1495.00yEN